1794 1693 1473 1372 1005 1360 1925 1927 1505 1631 1407 1560 1735 1044 1424 1174 1451 1631 1432 1670 1409 1778 1107 1682 1136 1489 1706 1540 1813 1431 1331 1454 1474 1706 1087 1343 1406 1831 1826 1125 1826 1506 1664 1971 1629 1713 1007 1742 1252 1387 1824 1836 1852 1744 1179 1639 1484 1536 1189 1625 1909 1779 1506 1398 1968 1097 1516 1021 1600 1043 1634 1784 1827 1267 1826 1835 1231 1650 1133 1495 1834 1893 1525 1717 1679 1904 1443 1431 1006 1286 1591 1566 1734 1558 1265 1968 1646 1448 1774 BCNSPRNW ULIB Ver.6.0+V

เปลี่ยนเป็นภาษาไทย

Change to English
 แสดงรายละเอียดบรรณานุกรม
  กลับหน้าหลัก

Brief Record : Get Marc (ISO 2709) : E-mail record : QR code < ปิดหน้าต่าง
LEADER : 00000nam 2200000uu 4500
001    13399114481
003     ULIB
008    120404s2551||||th 000 0 tha d
020    ^a9789741034499
090    ^aนว.^bส192จ 2551
100 0  ^aThe Healer of Mars
245 00 ^aใจดวงเซอร์ ๆ มีเธออยู่ในนั้น/^cThe Healer of Mars
250    ^aพิมพ์ครั้งที่ 1
260    ^aกรุงเทพฯ :^bกรีน-ปัญญาญาณ,^c2551
300    ^a230 หน้า
710 1  ^aกรีน-ปัญญาณาณ
945    ^p180^l0^i15323
995    ^aกัณชพร
999    ^aใช้งานได้ทุกระบบ
รายการนี้ยังไม่มีแท็ก
คุณยังไม่ได้ล็อกอิน คุณสามารถมีกิจกรรมร่วมกับเว็บไซต์ได้ แต่ต้องล็อกอินก่อน ::
  ล็อกอิน

รายการสื่อสารสนเทศ

ลำดับที่ ประเภท เลขเรียก/บาร์โค้ด สถานที่ สถานะ
1. วิทยาศาสตร์การแพทย์ และสุขภาพ
วิทยาศาสตร์การแพทย์ และสุขภาพ
นว. ส192จ 2551  
  Barcode: 15323
ห้องสมุดวิทยาเขตสวรรค์ประชารักษ์
►นวนิยาย
บนชั้น
  ขอยืม

BibComment


ยังไม่เคยถูกคอมเมนท์

คอมเมนท์ทรัพยากรรายการนี้
  คอมเมนท์: ใจดวงเซอร์ ๆ มีเ..


 Copyright 2026. Bcnsprnw @Library